Category Elimination #2 - Greek Gods - Statistics

General Stats
  • This quiz has been taken 2,649 times
  • The average score is 10 of 11
Answer Stats
Category # Answer % Correct
Who's name changed while moving to Roman Mythology 11 ᅠ✓ᅠ
100%
Who wasn't a child of Leto 10 ᅠ✓ᅠ
98%
Who wasn't born from a head 9 ᅠ✓ᅠ
98%
Who had a divine* parent 8 ᅠ✓ᅠ
97%
Who is not married to Zeus 7 ᅠ✓ᅠ
95%
Who hasn't had a kid with Zeus 6 ᅠ✓ᅠ
91%
Who's Roman name was the namesake for a planet 5 ᅠ✓ᅠ
89%
Who was Male 4 ᅠ✓ᅠ
89%
Who was not the youngest of their generation of gods 3 ᅠ✓ᅠ
79%
Who was a son of Zeus 2 ᅠ✓ᅠ
72%
Who was the son of a Nymph 1 Hermes
54%
No matching quizzes found
Score Distribution
Percent of People with Each Score
Percentile by Number Answered
Your Score History
You have not taken this quiz